000
00358nam a2200133Ia 4500
008
230312s9999||||xx |||||||||||||| ||und||
082
_a
891.4
_b
SAF-A
100
_a
مولانا صفی الرحمن
245
0
_a
الرحتیق لمختوم
260
_b
المکتبہ یسلفیتہ لاھور
_a
pak
300
_a
656
650
_a
Literature
942
_c
BK
999
_c
13845
_d
13845